[Event "Panevezys Elite 2018"]
[Site "Panevezys"]
[Date "2018.07.06"]
[Round "9"]
[White "Bekasovs, Rihards"]
[Black "Badelka, Olga"]
[Result "0-1"]
[WhiteElo "2052"]
[BlackElo "2407"]
[Annotator "ChessBase"]
[PlyCount "114"]
[EventDate "2018.06.29"]
[EventType "swiss"]
[EventRounds "9"]
[EventCountry "LTU"]
[SourceTitle "playchess.com"]
[Source "ChessBase"]
[SourceQuality "1"]
[TimeControl "40/5400+30:1800+30"]

1. d4 {[%emt 0:00:00]} Nf6 {[%emt 0:00:00]} 2. Nf3 {[%emt 0:00:08]} e6 {[%emt 0:00:00]} 3. e3 {[%emt 0:01:52]} b6 {[%emt 0:00:29]} 4. Bd3 {[%emt 0:02:02]} Bb7 {[%emt 0:00:06]} 5. O-O {[%emt 0:00:10]} d5 {[%emt 0:00:50]} 6. c4 {[%emt 0:00:43]} Bd6 {[%emt 0:00:21]} 7. cxd5 {[%emt 0:01:40]} exd5 {[%emt 0:00:39]} 8. Nc3 {[%emt 0:00:35]} a6 {[%emt 0:00:15]} 9. b3 {[%emt 0:00:53]} O-O {[%emt 0:00:25]} 10. Bb2 {[%emt 0:00:18]} Nbd7 {[%emt 0:01:55]} 11. Rc1 {[%emt 0:03:42]} Ne4 {[%emt 0:00:53]} 12. Qc2 {[%emt 0:20:42]} Re8 {[%emt 0:05:13]} 13. Ne2 {[%emt 0:04:29]} Rc8 {[%emt 0:02:31]} 14. Ng3 {[%emt 0:08:33]} Qf6 {[%emt 0:02:06]} 15. Nd2 {[%emt 0:02:38]} Nxg3 {[%emt 0:15:02]} 16. hxg3 {[%emt 0:00:33]} Qh6 {[%emt 0:00:18]} 17. Bf5 {[%emt 0:03:21]} Rcd8 {[%emt 0:00:23]} 18. e4 {[%emt 0:03:03]} dxe4 {[%emt 0:05:36]} 19. Nxe4 {[%emt 0:02:43]} Bxe4 {[%emt 0:01:28]} 20. Bxe4 {[%emt 0:00:09]} Nf6 {[%emt 0:00:11]} 21. Bf3 {[%emt 0:00:17]} Qg5 {[%emt 0:00:20]} 22. Rfe1 {[%emt 0:03:01]} h5 {[%emt 0:02:20]} 23. Rxe8+ {[%emt 0:03:03]} Rxe8 {[%emt 0:01:31]} 24. Bc3 {[%emt 0:00:12]} Ng4 {[%emt 0:08:36]} 25. Bd2 {[%emt 0:04:38]} Qf6 {[%emt 0:01:08]} 26. Qd3 {[%emt 0:00:33]} a5 {[%emt 0:02:51]} 27. Re1 {[%emt 0:05:19]} Rxe1+ {[%emt 0:00:40]} 28. Bxe1 {[%emt 0:00:01]} g6 {[%emt 0:01:17]} 29. Bd2 {[%emt 0:00:23]} Qe6 {[%emt 0:01:32]} 30. Qe4 {[%emt 0:08:23]} Qxe4 {[%emt 0:00:54]} 31. Bxe4 {[%emt 0:00:09]} Nf6 {[%emt 0:03:25]} 32. Bc6 {[%emt 0:00:26]} Kg7 {[%emt 0:03:04]} 33. Kf1 {[%emt 0:01:18]} Ng8 {[%emt 0:00:08]} 34. Ke2 {[%emt 0:01:39]} Ne7 {[%emt 0:00:13]} 35. Be4 {[%emt 0:02:43]} Kf6 {[%emt 0:02:35]} 36. Kd3 {[%emt 0:00:36]} g5 {[%emt 0:01:15]} 37. Bf3 {[%emt 0:03:42]} g4 {[%emt 0:00:27]} 38. Be4 {[%emt 0:00:11]} Ke6 {[%emt 0:00:49]} 39. Kc4 {[%emt 0:10:35]} f5 {[%emt 0:00:05]} 40. Bd3 {[%emt 0:02:54]} c6 {[%emt 0:04:38]} 41. a4 {[%emt 0:31:34]} Nd5 {[%emt 0:33:12]} 42. Be2 {[%emt 0:00:00]} Bb4 {[%emt 0:00:00]} 43. Bxb4 {[%emt 0:00:00]} Nxb4 {[%emt 0:00:00]} 44. Kc3 {[%emt 0:00:00]} Kf6 {[%emt 0:00:00]} 45. Bc4 {[%emt 0:00:00]} Kg5 {[%emt 0:00:00]} 46. Kd2 {[%emt 0:00:00]} f4 {[%emt 0:00:00]} 47. Be6 {[%emt 0:00:00]} h4 {[%emt 0:00:00]} 48. gxh4+ {[%emt 0:00:00]} Kxh4 {[%emt 0:00:00]} 49. Bd7 {[%emt 0:00:00]} g3 {[%emt 0:00:00]} 50. f3 {[%emt 0:00:00]} Kg5 {[%emt 0:00:00]} 51. Be6 {[%emt 0:00:00]} Kf6 {[%emt 0:00:00]} 52. Bg8 {[%emt 0:00:00]} Ke7 {[%emt 0:00:00]} 53. Kc3 {[%emt 0:00:00]} Kd6 {[%emt 0:00:00]} 54. Bf7 {[%emt 0:00:00]} b5 {[%emt 0:00:59]} 55. Bg8 {[%emt 0:00:00]} Nd5+ {[%emt 0:00:48]} 56. Bxd5 {[%emt 0:04:04]} Kxd5 {[%emt 0:00:04]} 57. Kd3 {[%emt 0:00:27]} b4 {[%emt 0:00:04]} 0-1

[Event "Panevezys Elite 2018"]
[Site "Panevezys"]
[Date "2018.07.06"]
[Round "9"]
[White "Kalinowska, Zuzanna"]
[Black "Krivonosov, Oleg"]
[Result "0-1"]
[WhiteElo "1966"]
[BlackElo "2399"]
[Annotator "NA"]
[PlyCount "75"]
[EventDate "2018.06.29"]
[EventType "swiss"]
[EventRounds "9"]
[EventCountry "LTU"]
[SourceTitle "playchess.com"]
[Source "ChessBase"]
[SourceQuality "1"]
[TimeControl "40/5400+30:1800+30"]

{[%evp 8,72,31,13,15,7,8,8,29,14,31,-1,0,-14,-8,-1,-2,0,-10,-7,-5,-13,10,0,7,0,0,0,15,-6,32767,32767,32767,32767,32767,32767,32767,0,32767,32767,32767,0,32767,32767,32767,32767,0,32767,32767,32767,0,0,0,32767,32767,32767,32767,32767,32767,-100,-95,32767,32767,32767,32767,32767,-388]} 1. d4 {[%emt 0:00:00]} d5 {[%emt 0:00:00]} 2. c4 {[%emt 0:00:00]} e6 {[%emt 0:00:00]} 3. Nc3 {[%emt 0:00:00]} Be7 {[%emt 0:00:00]} 4. Nf3 {[%emt 0:00:00]} Nf6 {[%emt 0:00:03]} 5. Bg5 {[%emt 0:00:14]} h6 {[%emt 0:00:18]} 6. Bh4 {[%emt 0:00:20]} O-O {[%emt 0:00:10]} 7. e3 {[%emt 0:00:24]} Ne4 {[%emt 0:00:18]} 8. Bxe7 {[%emt 0:00:26]} Qxe7 {[%emt 0:00:07]} 9. Bd3 {[%emt 0:01:02]} Nxc3 {[%emt 0:00:34]} 10. bxc3 {[%emt 0:00:08]} dxc4 {[%emt 0:00:14]} 11. Bxc4 {[%emt 0:00:19] LiveBook: 36 Games} b6 {[%emt 0:00:25] D56: Queen's Gambit Declined: Lasker Defence} 12. O-O {[%emt 0:01:56]} Bb7 {[%emt 0:00:26]} 13. Re1 {[%emt 0:02:29]} (13. Qe2 Nd7 14. Rfd1 c5 15. a4 {½-½ (15) Goncharov,O (2392)-Vlasenko,A (2436) Golubitskaya 2018}) 13... c5 {[%emt 0:02:31]} 14. Qe2 {[%emt 0:08:05]} Nd7 {[%emt 0:01:05]} 15. a4 $146 {[%emt 0:05:39]} ({Predecessor:} 15. e4 cxd4 16. cxd4 Nf6 17. Bd3 Rac8 18. Rac1 Qa3 19. Rxc8 Rxc8 20. h4 Rc1 21. Qe3 Rxe1+ 22. Nxe1 Bxe4 23. Bxe4 Qxe3 {0-1 (36) Rouquet,R (2050)-Eustache,B (2156) France 2005}) 15... Rac8 {[%emt 0:09:09]} 16. Ba6 {[%emt 0:04:56]} Nf6 {[%emt 0:04:14]} 17. a5 {[%emt 0:04:49]} Ne4 {[%emt 0:06:58]} 18. Bxb7 {[%emt 0:02:19]} Qxb7 {[%emt 0:00:06]} 19. axb6 {[%emt 0:05:06]} axb6 {[%emt 0:00:19]} 20. Qb2 {[%emt 0:01:22]} cxd4 {[%emt 0:07:29]} 21. cxd4 {[%emt 0:00:27]} Rc7 {[%emt 0:00:24]} 22. Rec1 {[%emt 0:05:31]} Rfc8 {[%emt 0:00:59]} 23. Rxc7 {[%emt 0:02:43]} Qxc7 {[%emt 0:01:46]} 24. Ne5 {[%emt 0:01:28]} Nc3 {[%emt 0:21:06]} 25. Nd3 {[%emt 0:04:19]} Qc4 {[%emt 0:03:47]} 26. Ne5 {[%emt 0:03:00]} Qc7 {[%emt 0:00:34]} 27. Nd3 {[%emt 0:01:49]} Nd5 {[%emt 0:02:40]} 28. Rc1 {[%emt 0:01:46]} Qb8 {[%emt 0:01:16]} 29. Rxc8+ {[%emt 0:02:33]} Qxc8 {[%emt 0:00:04]} 30. e4 {[%emt 0:00:44]} Nc3 {[%emt 0:10:13]} 31. Qxb6 {[%emt 0:04:06]} Qc4 {[%emt 0:06:08]} 32. Nf4 {[%emt 0:03:49]} Nxe4 {[%emt 0:01:45]} 33. Qb8+ {[%emt 0:03:40]} Kh7 {[%emt 0:00:07]} 34. Qb1 {[%emt 0:00:13]} Qxd4 {[%emt 0:01:57]} 35. Nd3 {[%emt 0:08:13]} f5 {[%emt 0:02:05]} 36. g3 {[%emt 0:02:32]} Nd2 $19 {[%emt 0:04:17]} 37. Qc2 Nf3+ 38. Kg2 0-1